The benediction

Bibliographic Details
Main Author: Eleanor, Lady, d. 1652
Format: eBook
Language:English
Published: [London : publisher not identified], 1651.
Series:Early English books online.
Subjects:
Online Access:Connect to the full text of this electronic book

MARC

Tag First Indicator Second Indicator Subfields
LEADER 00000nam a2200000Ia 4500
001 in00004238317
005 20200807091255.0
006 m g d
007 cr bn |||a|bb|
008 830504s1651 enk o 00| | eng d
035 |a (OCoLC)9479701 
040 |a EEU  |c EEU  |d WaOLN 
037 |a CL0037000044  |b ProQuest Information and Learning. 300 N. Zeeb Rd., Ann Arbor, MI 48106 
049 |a EEUB 
090 |a DA427.1  |b .D38 
100 0 |a Eleanor,  |c Lady,  |d d. 1652. 
245 1 4 |a The benediction 
260 |a [London :  |b publisher not identified],  |c 1651. 
300 |a 1 online resource ([2] pages) 
336 |a text  |b txt  |2 rdacontent 
337 |a computer  |b c  |2 rdamedia 
338 |a online resource  |b cr  |2 rdacarrier 
500 |a Attributed to Lady Eleanor Davies by Wing. 
500 |a Addressed to Oliver Cromwell, dated "Octob. 28, 1651" and signed: Eleanor. 
500 |a Reproduction of original in the Cambridge University Library. 
510 4 |a Wing  |c D1976. 
533 |a Electronic reproduction.  |b Ann Arbor, Mich. :  |c UMI,  |d 1999-  |f (Early English books online)  |n Digital version of: (Early English books, 1641-1700 ; 1307:21)  |7 s1999 miun s 
600 1 0 |a Cromwell, Oliver,  |d 1599-1658. 
830 0 |a Early English books online. 
856 4 0 |u http://proxy.library.tamu.edu/login?url=https://search.proquest.com/docview/2264193910  |z Connect to the full text of this electronic book  |t 0 
999 f f |s 1e2d08c8-410f-3fb9-ab19-f58fb0be5319  |i 9777ff20-3a45-3b27-a95d-e9f81539d154  |t 0 
952 f f |a Texas A&M University  |b College Station  |c Electronic Resources  |d Available Online  |t 0  |e DA427.1 .D38  |h Library of Congress classification 
998 f f |a DA427.1 .D38  |t 0  |l Available Online